Expedition to earth : (Record no. 17806)
[ view plain ]
| 000 -CABECERA | |
|---|---|
| campo de control de longitud fija | 00754cam a2200229 a 4500 |
| 001 - NÚMERO DE CONTROL | |
| campo de control | 000018285 |
| 005 - FECHA Y HORA DE LA ÚLTIMA TRANSACCIÓN | |
| campo de control | 20200929165434.0 |
| 008 - DATOS DE LONGITUD FIJA--INFORMACIÓN GENERAL | |
| campo de control de longitud fija | 900223s1953 nyu 000 1 eng d |
| 040 ## - FUENTE DE LA CATALOGACIÓN | |
| Centro catalogador/agencia de origen | DO-SdBNP |
| Lengua de catalogación | eng |
| Centro/agencia transcriptor | LC |
| Centro/agencia modificador | BNPHU |
| 050 00 - SIGNATURA TOPOGRÁFICA DE LA BIBLIOTECA DEL CONGRESO | |
| Número de clasificación | PZ3.C551205 |
| Número de documento/Ítem | Ex |
| Número de clasificación | PR6005.L36 |
| 082 ## - NÚMERO DE LA CLASIFICACIÓN DECIMAL DEWEY | |
| Número de clasificación | nn* |
| Número de documento/Ítem | C597e |
| 049 ## - FONDOS LOCALES (OCLC) | |
| Fondos de biblioteca | BNGR |
| 100 1# - ENTRADA PRINCIPAL--NOMBRE DE PERSONA | |
| Nombre de persona | Clarke, Arthur C. |
| Forma completa/desarrollada del nombre | (Arthur Charles), |
| Fechas asociadas al nombre | 1917-2008. |
| 9 (RLIN) | 39594 |
| 245 10 - MENCIÓN DE TÍTULO | |
| Título | Expedition to earth : |
| Resto del título | eleven science-fiction stories / |
| Mención de responsabilidad, etc. | Arthur C. Clarke. |
| 260 ## - PUBLICACIÓN, DISTRIBUCIÓN, ETC. | |
| Lugar de publicación, distribución, etc. | New York : |
| Nombre del editor, distribuidor, etc. | Ballantine Books, |
| Fecha de publicación, distribución, etc. | 1953. |
| 300 ## - DESCRIPCIÓN FÍSICA | |
| Extensión | 165 p. ; |
| Dimensiones | 18 cm. |
| 490 1# - MENCIÓN DE SERIE | |
| Mención de serie | Ballantine Books, |
| Designación de volumen o secuencia | 52 |
| 490 0# - MENCIÓN DE SERIE | |
| Mención de serie | Ballantine ; |
| Designación de volumen o secuencia | 32824 |
| 650 #0 - PUNTO DE ACCESO ADICIONAL DE MATERIA--TÉRMINO DE MATERIA | |
| Término de materia o nombre geográfico como elemento de entrada | Science fiction, english. |
| 9 (RLIN) | 39595 |
| 830 #0 - PUNTO DE ACCESO ADICIONAL DE SERIE-TÍTULO UNIFORME | |
| Título uniforme | Ballantine Books, |
| Designación de volumen o secuencia | 52 |
| 9 (RLIN) | 39596 |
| 910 ## - DATOS DE OPCIÓN DEL USUARIO (OCLC) | |
| Datos de opción del usuario | Catalogación por copia / LC |
| Estado de retiro | Estado de pérdida | Restricciones de uso | No para préstamo | Código de colección | Localización permanente | Ubicación/localización actual | Ubicación en estantería | Fecha de adquisición | Número de inventario | Total de préstamos | Signatura topográfica completa | Código de barras | Fecha visto por última vez | Precio válido a partir de | Tipo de ítem Koha |
|---|---|---|---|---|---|---|---|---|---|---|---|---|---|---|---|
| Monografías: Libros y Folletos | General | General | En catalogación | 22.04.2010 | LF1 | nn* C597e | 18285-10 | 25.06.2020 | 25.06.2020 | Préstamo en sala |
